000 00557nam a2200229Ia 4500
003 OSt
005 20221005131652.0
006 a|||||r|||| 00| 0
007 ta
008 221004b |||||||| |||| 00| 0 eng d
024 _a117855
037 _cTextual
040 _aCRL
_cCRL
_beng
041 _2eng
_aeng
100 _aBhaskaran M
_9639937
245 0 _aStrenghen your English
260 _c1974
650 _aENGLISH LANGUAGE
700 _a Horsburgh D
_9580260
942 _cTEXL
_2cc
999 _c1061063
_d1061063